000 00758nam a2200193Ia 4500
999 _c40683
_d40683
001 7318
003 GE_BSU
005 20220808121905.0
008 181216s2012||||ge |||||||||||||| ||geo||
020 _a19876807
040 _cGE_BSU
041 _ageo
245 _aმუზეუმის მაცნე /
_cმთ. რედ: გოდერძი ტოტოჩავა; ხარიტონ ახვლედიანის სახელობის აჭარის მუზეუმი.
260 _cბათუმი,
_b2008-
300 _av.
653 _aმუზეუმის მაცნე
700 _aტოტოჩავა, გოდერძი
_eმთავარი რედაქტორი
_95225
942 _cBK
_2udc